| 000 | 00798nam a2200217 a 4500 | ||
|---|---|---|---|
| 003 | MX-MxUPN | ||
| 005 | 20241001063954.0 | ||
| 008 | 221109s1925 xxua||||rb||| 001 0 eng d | ||
| 040 |
_aMX-MxUPN _bspa _cMX-MxUPN |
||
| 041 | 0 | _aeng | |
| 050 | 1 | 4 |
_aTX145 _bF73 |
| 100 | 1 |
_aFrederick, Christine, _d1883-1970 _947311 |
|
| 245 | 1 | 0 | _aEfficient housekeeping or household engineering scientific management in the home |
| 260 |
_aChicago : _bAmerican School of Home Economics, _c1925. |
||
| 300 |
_a527 páginas : _bilustraciones ; _c20 cm. |
||
| 504 | _aIncluye referencias bibliográficas e índice. | ||
| 650 | 4 |
_aEconomía doméstica _912269 |
|
| 710 | 2 |
_aInstituto Nacional de Investigación Educativa (México) _epropietario anterior _928086 |
|
| 902 | _aVíctor Ruiz/101122 | ||
| 942 |
_2lcc _cLIBRO |
||
| 999 |
_c209021 _d209021 |
||